000 01057nam a2200265 a 4500
001 000045194
003 OSt
005 20201008112456.0
008 150209s195u dr ac r 000 0 spa d
040 _aDO-SdBNP
_bspa
_cBNPHU
082 4 _a972.93
_bA345c
245 0 0 _aAlbum del centenario de la República Dominicana /
_cdirector técnico: Antonio M. Monteagudo del Río ; director artístico: Antonio Escámez Gutiérrez.
260 _aLa Habana, Cuba :
_bArtes graficas,
_c[195-].
300 _a273 p. :
_bil., retrs. ;
_c36 cm.
490 1 _aAbum de oro de America
590 _aInventariado, 2019/BT
651 4 _aRepública Dominicana
_xCelebraciones de centenario, etc.
_976809
651 4 _aRepública Dominicana
_xHistoria
_vFotografías
_91035
651 4 _aRepública Dominicana
_xDescripciones y viajes
_xHistoria
_976810
700 1 _aMonteagudo del Río, Antonio M.
_976811
700 1 _aEscámez Gutiérrez., Antonio
_976812
830 0 _aAlbum de oro de America
_973209
910 _aValidado. Control de calidad MFF
942 _2ddc
_cLF1
999 _c44683
_d44683